[Event "Arab-ch (Women)"]
[Site "Abu Dhabi"]
[Date "2021.11.29"]
[Round "5"]
[White "Miladi, Amen"]
[Black "Jalloul, Maya M"]
[Result "1-0"]
[WhiteElo "1575"]
[BlackElo "1861"]
[PlyCount "123"]
[EventDate "2021.11.26"]
[EventType "swiss"]
[EventRounds "9"]
[EventCountry "UAE"]
[SourceTitle "CBM 205 Extra"]
[Source "ChessBase"]
[SourceDate "2022.01.31"]
[SourceVersion "1"]
[SourceVersionDate "2022.01.31"]
[SourceQuality "1"]

1. e4 c5 2. Nf3 d6 3. d4 cxd4 4. Nxd4 Nf6 5. Nc3 a6 6. Be3 e5 7. Nf3 Be7 8. Bc4 Qc7 9. Qe2 Nbd7 10. a4 Nc5 11. Bg5 Be6 12. Bxf6 Bxf6 13. Bd5 Rc8 14. 0-0 0-0 15. Rfd1 Nd7 16. a5 Be7 17. Qd3 Rfd8 18. Rd2 Nf8 19. Ne2 Ng6 20. Qb3 Bxd5 21. Qxd5 Rd7 22. g3 Qd8 23. Nc3 Rc5 24. Qa2 Qc8 25. Rd5 Rdc7 26. Ne1 Qg4 27. Na4 Rxd5 28. Qxd5 Nf4 29. Qd1 Qg6 30. Nc3 Rc4 31. Ng2 Rd4 32. Qe1 Nh3+ 33. Kf1 Ng5 34. Qe3 Nxe4 35. Nf4 Nd2+ 36. Qxd2 Rxd2 37. Nxg6 hxg6 38. Rc1 Bd8 39. Ke1 Rd4 40. Ra1 Bg5 41. Ne2 Rd5 42. c3 Kf8 43. h4 Bd8 44. b4 Ke7 45. Ra3 Rd3 46. Nc1 Rf3 47. Ke2 Rf6 48. Nd3 Re6 49. c4 Kd7 50. b5 e4 51. Nb4 Re5 52. bxa6 bxa6 53. Nd5 Kc6 54. Ke3 Kc5 55. Ra4 g5 56. hxg5 Bxg5+ 57. Ke2 f5 58. Nc7 Bd8 59. Nxa6+ Kc6 60. Nb4+ Kb7 61. a6+ Ka8 62. Nc6 1-0

[Event "Asia Nations online Cup (Women)"]
[Site "Chess.com INT"]
[Date "2020.10.17"]
[Round "5.5"]
[White "Jalloul, Maya M"]
[Black "Fronda Pascua, Jan Jodilyn"]
[Result "0-1"]
[WhiteElo "1861"]
[BlackElo "2152"]
[PlyCount "100"]
[EventDate "2020.10.11"]
[EventType "team-swiss (rapid)"]
[EventRounds "9"]
[EventCountry "IND"]
[SourceTitle "CBM 198 Extra"]
[Source "ChessBase"]
[SourceDate "2020.11.30"]
[SourceVersion "1"]
[SourceVersionDate "2020.11.30"]
[SourceQuality "1"]
[WhiteTeam "Lebanon (W)"]
[BlackTeam "Philippines (W)"]
[WhiteTeamCountry "LBN"]
[BlackTeamCountry "PHI"]

1. c4 Nf6 2. Nc3 e6 3. g3 d5 4. cxd5 exd5 5. Bg2 c6 6. e3 Bb4 7. Nge2 0-0 8. 0-0 Nbd7 9. a3 Bd6 10. b4 Ne5 11. d3 Bg4 12. h3 Bf3 13. Qd2 Qd7 14. Nd4 Bxg2 15. Kxg2 Rfe8 16. f4 Ng6 17. Bb2 a5 18. b5 c5 19. Nf3 d4 20. exd4 cxd4 21. Ne2 Qxb5 22. Nexd4 Qd5 23. Rae1 h5 24. Kh2 Rad8 25. Qg2 Rxe1 26. Rxe1 h4 27. Nxh4 Nxh4 28. Qxd5 Nxd5 29. gxh4 Nxf4 30. Nf5 Nxd3+ 31. Nxd6 Nxe1 32. Ne4 Re8 33. Ng3 f5 34. Kg1 Nd3 35. Bc3 f4 36. Nh5 f3 37. Bd4 Re1+ 38. Kh2 f2 39. Ng3 f1Q 40. Nxf1 Rxf1 41. Kg2 Rd1 42. Bc3 a4 43. Kf3 b5 44. Ke2 Rh1 45. Kxd3 Rxh3+ 46. Kd4 Rxh4+ 47. Kc5 Rc4+ 48. Kxb5 Rxc3 49. Kxa4 g5 50. Kb4 Rc1 0-1

[Event "Online Olym Div3 C"]
[Site "Chess.com INT"]
[Date "2020.08.07"]
[Round "1.1"]
[White "Raharimanana, Faratiana"]
[Black "Jalloul, Maya M"]
[Result "0-1"]
[WhiteElo "1687"]
[BlackElo "1861"]
[PlyCount "98"]
[EventDate "2020.08.07"]
[EventType "team-tourn (rapid)"]
[EventRounds "9"]
[EventCountry "USA"]
[SourceTitle "CBM 198"]
[Source "ChessBase"]
[SourceDate "2020.10.31"]
[SourceVersion "1"]
[SourceVersionDate "2020.10.31"]
[SourceQuality "1"]
[WhiteTeam "Madagascar"]
[BlackTeam "Lebanon"]
[WhiteTeamCountry "MAD"]
[BlackTeamCountry "LBN"]

1. e4 c5 2. Nf3 d6 3. d4 cxd4 4. Nxd4 Nf6 5. Nc3 a6 6. Be2 e5 7. Nb3 Be7 8. Bg5 0-0 9. Bxf6 Bxf6 10. Nd5 Nc6 11. c3 Be6 12. 0-0 Be7 13. Bg4 g6 14. Qd3 Bxg4 15. Qg3 Be6 16. Rad1 Bxd5 17. Rxd5 Qd7 18. Rfd1 Qe6 19. f4 exf4 20. Qxf4 Ne5 21. h3 Rad8 22. Na5 Rd7 23. Nb3 Qf6 24. Qg3 Rdd8 25. Rf1 Qg5 26. Qf2 Qh4 27. Qe2 Rfe8 28. Nd4 Bf8 29. Nf3 Nxf3+ 30. Qxf3 Rd7 31. g4 Qe7 32. Re1 Qe6 33. Re2 Bg7 34. b3 Rc7 35. c4 Rce7 36. Qd3 Be5 37. Qe3 Rc7 38. Qb6 Qe7 39. Kg2 Rc6 40. Qe3 Qh4 41. Qf3 b5 42. Rf2 Rf8 43. c5 Rxc5 44. Rxc5 dxc5 45. Qd3 Rd8 46. Qf3 Qe7 47. Re2 Re8 48. Rd2 Bc7 49. Re2 Qe5 0-1

[Event "Olympiad Women-41"]
[Site "Tromsoe"]
[Date "2014.08.05"]
[Round "4.3"]
[White "Narva, Triin"]
[Black "Jalloul, Maya M"]
[Result "1-0"]
[WhiteElo "2068"]
[BlackElo "1922"]
[PlyCount "109"]
[EventDate "2014.08.02"]
[EventType "team-swiss"]
[EventRounds "11"]
[EventCountry "NOR"]
[SourceTitle "CBM 162"]
[Source "ChessBase"]
[SourceDate "2014.09.17"]
[SourceVersion "1"]
[SourceVersionDate "2014.09.17"]
[SourceQuality "1"]
[WhiteTeam "Estonia (W)"]
[BlackTeam "Lebanon (W)"]
[WhiteTeamCountry "EST"]
[BlackTeamCountry "LBN"]

1. e4 c5 2. Nf3 d6 3. Bb5+ Bd7 4. Bxd7+ Qxd7 5. c4 e5 6. Nc3 g6 7. d3 Bg7 8. 0-0 Ne7 9. Bg5 0-0 10. Bxe7 Qxe7 11. Nd5 Qd8 12. a3 Nc6 13. b4 f5 14. Rb1 b6 15. Nd2 f4 16. Qg4 Nd4 17. h4 h5 18. Qh3 Bf6 19. Nf3 Nxf3+ 20. gxf3 Bxh4 21. bxc5 dxc5 22. Qe6+ Kh7 23. Qxe5 Qg5+ 24. Qxg5 Bxg5 25. Nc7 Rad8 26. Ne6 Bf6 27. Nxf8+ Rxf8 28. a4 Bc3 29. Rfc1 Ba5 30. Rd1 Rd8 31. Rb2 Kg7 32. Kf1 Kf6 33. Ke2 Ke5 34. Rg1 Rd6 35. Rb3 Bb4 36. Kd1 Ba5 37. Kc2 Kf6 38. Rbb1 g5 39. e5+ Kxe5 40. Rxg5+ Kf6 41. Rxh5 Re6 42. Rh6+ Kf5 43. Rxe6 Kxe6 44. Rh1 Kd6 45. Rh6+ Ke5 46. Rh7 a6 47. Ra7 Kf5 48. Rxa6 Ke5 49. Rxa5 bxa5 50. Kc3 Ke6 51. d4 Kd6 52. Kd3 Ke6 53. dxc5 Kd7 54. Ke4 Kc6 55. Kd4 1-0

[Event "Francophone op 2nd"]
[Site "Beirut"]
[Date "2014.06.04"]
[Round "6"]
[White "Garcia Paolicchi, Raul"]
[Black "Jalloul, Maya M"]
[Result "1-0"]
[WhiteElo "2210"]
[BlackElo "1938"]
[PlyCount "125"]
[EventDate "2014.05.31"]
[EventType "swiss"]
[EventRounds "9"]
[EventCountry "LBN"]
[SourceTitle "EXT 2015"]
[Source "ChessBase"]
[SourceDate "2014.11.20"]
[SourceVersion "1"]
[SourceVersionDate "2014.11.20"]
[SourceQuality "1"]

1. d4 Nf6 2. c4 c5 3. d5 e6 4. Nc3 exd5 5. cxd5 Bd6 6. Nf3 Bc7 7. d6 Ba5 8. Bg5 Qb6 9. Bxf6 Qxb2 10. Bxg7 Bxc3+ 11. Bxc3 Qxc3+ 12. Nd2 b6 13. Rc1 Qd4 14. Rc4 Qg7 15. Re4+ Kd8 16. e3 Bb7 17. Rg4 Qf6 18. Nb3 Re8 19. Be2 Na6 20. 0-0 Nb4 21. Qd2 Rc8 22. a3 Nc6 23. Bf3 Ba6 24. Rf4 Qe6 25. Rb1 Ne5 26. Be2 Qg6 27. Rd1 Bb7 28. g3 Qe6 29. Qc3 Qh3 30. e4 Qe6 31. Nd2 Qxd6 32. Nc4 Qe6 33. Nd6 Bc6 34. Nxe8 Kxe8 35. f3 Rd8 36. Rf5 Ng6 37. Rf6 Qe7 38. Rfd6 Ne5 39. Qd2 Ng6 40. Qh6 Qe5 41. Qxh7 Qe7 42. Qg8+ Qf8 43. Qxf8+ Kxf8 44. R6d2 Ke7 45. Rd6 Nf8 46. h4 Ne6 47. h5 Rh8 48. g4 Nd4 49. R6xd4 cxd4 50. Rxd4 Kf6 51. Kf2 Re8 52. Bc4 Ke5 53. Ke3 Kf6 54. f4 Rg8 55. g5+ Kg7 56. Rd6 Re8 57. e5 Rh8 58. h6+ Kf8 59. Rf6 Rh7 60. g6 Rxh6 61. Rxf7+ Ke8 62. g7 Rg6 63. Rf8+ 1-0

[Event "Beirut op 7th"]
[Site "Beirut"]
[Date "2014.05.12"]
[Round "8"]
[White "Shamieh, Jamal"]
[Black "Jalloul, Maya M"]
[Result "1-0"]
[WhiteElo "2091"]
[BlackElo "1938"]
[PlyCount "73"]
[EventDate "2014.05.06"]
[EventType "swiss"]
[EventRounds "9"]
[EventCountry "LBN"]
[SourceTitle "EXT 2016"]
[Source "ChessBase"]
[SourceDate "2015.10.08"]
[SourceVersion "1"]
[SourceVersionDate "2015.10.08"]
[SourceQuality "1"]

1. d4 d5 2. c4 c6 3. cxd5 cxd5 4. Nc3 Nf6 5. Bf4 Bf5 6. e3 a6 7. Qb3 Qd7 8. Nf3 Nc6 9. Ne5 Nxe5 10. dxe5 Nh5 11. Qxd5 Nxf4 12. exf4 Rc8 13. Qxd7+ Bxd7 14. Bd3 Bc6 15. 0-0 e6 16. Rac1 Be7 17. f5 Rd8 18. Rcd1 exf5 19. Bxf5 0-0 20. Be4 Bxe4 21. Nxe4 b6 22. f4 Rxd1 23. Rxd1 Rd8 24. Rc1 Kf8 25. Kf2 Ke8 26. Ke3 h6 27. Rc6 Rb8 28. Kd4 Kd7 29. Kd5 a5 30. f5 Bf8 31. e6+ fxe6+ 32. fxe6+ Kd8 33. Nd6 Be7 34. Nf7+ Ke8 35. Rc7 h5 36. Nd6+ Kf8 37. Nc8 1-0